00811cam a22002413a 450000100060000000300060000600500170001200800410002904000150007004200070008505000090009210000330010124500580013426000290019250500790022150600300030051600200033065300540035065300290040465300650043383000290049885600420052717689PGUSA20140828083358.0060206s2006||||xxu|||||s|||||000 | eng d aPGUSAbeng adc 4aD5011 aKipling, Rudyard,d1865-193610aSea Warfareh[electronic resource] /cRudyard Kipling bProject Gutenberg,c20060 aThe fringes of the fleet -- Tales of "the trade" -- Destroyers at Jutland. aPublic domain in the USA. aElectronic text aWorld War, 1914-1918 -- Naval operations, British aJutland, Battle of, 1916 aGreat Britain. Royal Navy -- History -- World War, 1914-1918 0aProject Gutenbergv1768940uhttp://www.gutenberg.org/ebooks/17689